000 00440nam a2200181Ia 4500
001 13153
005 20260306163032.0
008 260306t2015||||xx |||||||||||||| ||spa||
041 _aESP
082 _a375
_bG46
100 _aGimeno Sacristán, José
_eAUT
245 0 _aLos contenidos, una reflexión necesaria
260 _c2015
300 _a194 páginas :
_c24 cm.
650 _aGEN
654 _aCED
942 _cLIB
_dJUS
_fJUS
_2ddc
_n
999 _c13153
_d13153